Duplex annus, or, A twofold yeere : viz. the Julian and Hebrew account for the yeer since 1657 /

Bibliographic Details
Main Author: Howell, Humphrey
Format: Microform Book
Language:English
Series:Early English books, 1641-1700 ; 1471:20.
Subjects:

MARC

Tag First Indicator Second Indicator Subfields
LEADER 00000cam a2200000 a 4500
001 in00000891756
005 20150923140917.0
007 hd afv---baca
007 hd bfv---baaa
008 841109s1657 miua a 00010 eng d
035 |a (OCoLC)11368323 
035 |9 AEL4725AM 
037 |a CL0037000052  |b University Microfilms International 
037 |b University Microfilms International, 300 N. Zeeb Rd., Ann Arbor, MI 48106 
040 |a EAJ  |c EAJ  |d UtOrBLW 
043 |a e-uk-en 
045 0 |b d1657 
049 |a TXAI 
090 |a AY751  |b .H68 1657 
099 |a film   |a  B   |a  3609 
100 1 |a Howell, Humphrey. 
245 1 0 |a Duplex annus, or, A twofold yeere :  |b viz. the Julian and Hebrew account for the yeer since 1657 /  |c by Humphrey Howell. 
264 3 |a London :  |b Printed by T.C. for the Company of Stationers,  |c 1657. 
300 |a 47 unnumbered pages 
336 |a text  |b txt  |2 rdacontent 
337 |a microform  |b h  |2 rdamedia 
338 |a microfilm reel  |b hd  |2 rdacarrier 
500 |a Reproduction of original in the Bodleian Library. 
510 4 |a Wing  |c A1831. 
533 |a Microfilm.  |b Ann Arbor, Mich. :  |c University Microfilms International,  |d 1983.  |e 1 microfilm reel ; 35 mm.  |f (Early English books, 1641-1700 : 1471:20) 
500 |a Microform. 
650 0 |a Almanacs, English. 
650 0 |a Ephemerides. 
740 0 |a Duplex annus. 
740 2 |a A twofold yeere. 
830 0 |a Early English books, 1641-1700 ;  |v 1471:20. 
999 |a MARS 
999 f f |s 2716f8f7-3403-386c-ae87-38e0e480a207  |i 378125dc-75a8-33d3-9e52-76667f110cfa  |t 0 
952 f f |p default  |a Texas A&M University  |b College Station  |c Sterling C. Evans Library  |d Evans: Microforms (3rd floor)  |t 0  |e film B 3609 1471:20  |h Other scheme  |i microform -- microfilm reel 
998 f f |a film B 3609 1471:20  |t 0  |l Evans: Microforms (3rd floor)